000 00865cam a2200313Mi 4500
001 93227
005 20230411090051.0
008 070712s2009 sp 000 0 spa d
035 _a(OCoLC)ocn630865354
040 _aESUDE
_bspa
_cESUDE
_dOCL
019 _a639155846
020 _a9788483559642
020 _a8483559641
035 _a(OCoLC)630865354
_z(OCoLC)639155846
080 _a336.2
049 _aGRAL
245 0 0 _aAsesor fiscal /
_cJavier Galán Ruiz ... [et al.] (autores).
250 _a3a. ed.
260 _aCizur Menor (Navarra) :
_bThomson-Aranzadi,
_c2009.
300 _a479 p. ;
_c21 cm.
650 0 _aTax consultants.
650 0 _aTax law
_zSpain.
650 4 _aAsesores fiscales.
650 4 _aDerecho fiscal
_zEspaña.
700 1 _aGalán Ruiz, Javier,
_ecoaut.
942 _2lcc
_cbk
946 _asadt
994 _aC0
_bDRFGD
999 _c111894
_d111894